It looks like you're offline.
Open Library logo
additional options menu

MARC Record from Library of Congress

Record ID marc_loc_updates/v40.i15.records.utf8:4286667:863
Source Library of Congress
Download Link /show-records/marc_loc_updates/v40.i15.records.utf8:4286667:863?format=raw

LEADER: 00863cam a2200289 a 4500
001 2010043340
003 DLC
005 20120405193838.0
008 101018s2011 ilu 000 f eng
010 $a 2010043340
016 7 $a015710535$2Uk
020 $a9781402241819
020 $a140224181X
035 $a(OCoLC)ocn670485128
040 $aDLC$cDLC$dIG#$dBTCTA$dZPX$dABG$dCDX$dYDXCP$dZAG$dIXA$dUKMGB$dBDX$dDLC
050 00 $aPS3569.A517$bL93 2011
082 00 $a813/.54$222
100 1 $aSandlin, Tim.
245 10 $aLydia /$cTim Sandlin.
260 $aNaperville, Ill. :$bSourcebooks Landmark,$cc2011.
300 $a438 p. ;$c21 cm.
500 $a"A novel"--Jacket.
650 0 $aDysfunctional families$vFiction.
650 0 $aMothers and sons$vFiction.
650 0 $aOlder women$vFiction.
655 7 $aRoad fiction.$2gsafd
655 7 $aHumorous fiction.$2gsafd